Normal view
MARC view
- N.V.Pranjape
Entry Personal Name
001 - CONTROL NUMBER
- control field: 4189
003 - CONTROL NUMBER IDENTIFIER
- control field: OSt
005 - DATE AND TIME OF LATEST TRANSACTION
- control field: 20210921022750.0
008 - FIXED-LENGTH DATA ELEMENTS
- fixed length control field: 210921|| aca||aabn | a|a d
040 ## - CATALOGING SOURCE
- Original cataloging agency: OSt
- Transcribing agency: OSt
100 ## - HEADING--PERSONAL NAME
- Personal name: N.V.Pranjape
670 ## - SOURCE DATA FOUND
- Source citation: Work cat.: (OSt)3664: Pranjape, N.V. 4187, Criminology & Penology, c2005
